Famous Scientists Nationality Quiz - Statistics

General Stats
  • This quiz has been taken 70 times
  • The average score is 10 of 15
Answer Stats
Name Nationality % Correct
Albert Einstein German
98%
Guglielmo Marconi Italian
91%
Isaac Newton English
89%
Marie Curie Polish
89%
Dmitri Mendeleev Russian
89%
Archimedes of Syracuse Greek
88%
Benjamin Franklin American
86%
Louis Pasteur French
86%
Alfred Nobel Swedish
79%
Nikola Tesla Serbian/Croatian
76%
Niels Bohr Danish
61%
Alexander Graham Bell Scottish
41%
Ernest Rutherford New Zealand
33%
Gregor Mendel Czech
30%
Isidore of Miletus Byzantine
2%
No matching quizzes found
Score Distribution
Percent of People with Each Score
Percentile by Number Answered
Your Score History
You have not taken this quiz